Largest Cities in Île-de-France - Statistics

General Stats
  • This quiz has been taken 446 times
  • The average score is 7 of 15
Answer Stats
Population City % Correct
2,165,423 Paris
100%
112,852 Saint-Dennis
87%
84,808 Versailles
66%
121,583 Boulogne-Billancourt
63%
96,277 Nanterre
63%
111,038 Argenteuil
59%
93,246 Creteil
59%
111,240 Montreuil
51%
88,948 Aubervilliers
39%
95,510 Vitry-sur-Seine
33%
86,534 Colombes
23%
86,969 Aulnay-sous-Bois
22%
87,143 Asnieres-sur-Seine
19%
81,558 Courbevoie
17%
78,317 Rueil-Malmaison
9%
No matching quizzes found
Score Distribution
Percent of People with Each Score
Percentile by Number Answered
Your Score History
You have not taken this quiz